[Event "Slowly But Shirley"]
[Site "SchemingMind.com"]
[Date "2015.11.17"]
[Round "-"]
[White "buddhastalin"]
[Black "frankly"]
[Result "0-1"]
[WhiteCountry "USA"]
[BlackCountry "ENG"]
[WhiteElo "1703"]
[WhiteRD "69"]
[BlackElo "2443"]
[BlackRD "54"]
[GameID "390493"]

1. e4 c5 2. c3 Nf6 3. e5 Nd5 4. d4 cxd4 5. Nf3 e6 6. cxd4 d6 7. Bc4 Nc6 8. Nc3 Nxc3 9. bxc3 dxe5 10. O-O exd4
11. cxd4 Be7 12. Bb2 O-O 13. Rc1 b6 14. Bxe6 Bxe6 15. Rxc6 Bxa2 16. Ne5 f6 17. Nf3 a5 18. Qe2 Re8 19. Qb5 Qd5 20. Qxb6 Reb8
0-1

[Event "Slowly But Shirley"]
[Site "SchemingMind.com"]
[Date "2015.11.17"]
[Round "-"]
[White "frankly"]
[Black "buddhastalin"]
[Result "1-0"]
[WhiteCountry "ENG"]
[BlackCountry "USA"]
[WhiteElo "2443"]
[WhiteRD "54"]
[BlackElo "1703"]
[BlackRD "69"]
[GameID "390494"]

1. d4 Nf6 2. Nf3 e6 3. Bg5 c5 4. e3 b6 5. d5 exd5 6. Nc3 Be7 7. Nxd5 Nxd5 8. Qxd5 Nc6 9. Bb5 Bb7 10. O-O-O O-O
11. Qxd7
1-0

[Event "Slowly But Shirley"]
[Site "SchemingMind.com"]
[Date "2015.11.24"]
[Round "-"]
[White "Timaeus"]
[Black "buddhastalin"]
[Result "1-0"]
[WhiteCountry "JPN"]
[BlackCountry "USA"]
[WhiteElo "1377"]
[WhiteRD "70"]
[BlackElo "1591"]
[BlackRD "74"]
[GameID "390771"]

1. e4 c5 2. Bc4 e6 3. Nf3 a6 4. O-O Nc6 5. Nc3 Qc7 6. g3 b5 7. Be2 Nf6 8. e5 Ng4 9. Re1 Ngxe5 10. Nxe5 Nxe5
11. d3 Bb7 12. Bf4 Bd6 13. Bf1 Nf3+ 14. Kh1 Nxe1+ 15. Kg1 Nf3+ 16. Kh1 Nd4+ 17. Bg2 Bxg2+ 18. Kxg2 Qc6+ 19. Ne4
1-0

[Event "Slowly But Shirley"]
[Site "SchemingMind.com"]
[Date "2015.11.24"]
[Round "-"]
[White "buddhastalin"]
[Black "Timaeus"]
[Result "0-1"]
[WhiteCountry "USA"]
[BlackCountry "JPN"]
[WhiteElo "1591"]
[WhiteRD "74"]
[BlackElo "1377"]
[BlackRD "70"]
[GameID "390772"]

1. e4 c5 2. c3 d6 3. d4 cxd4 4. cxd4 Nf6 5. Nc3 e5 6. dxe5 dxe5 7. Nf3 Bg4 8. Qxd8+ Kxd8 9. Nxe5 Be6 10. Bg5 Be7
11. O-O-O+ Nbd7 12. Bb5 Rc8 13. Bxf6 Bxf6 14. Nxd7 Bxc3 15. Nb6+ Bd4+ 16. Kb1 Bxa2+ 17. Kxa2 axb6 18. Rxd4+ Ke7 19. Rd7+ Kf6
0-1

[Event "Slowly But Shirley"]
[Site "SchemingMind.com"]
[Date "2015.11.22"]
[Round "-"]
[White "Timaeus"]
[Black "frankly"]
[Result "0-1"]
[WhiteCountry "JPN"]
[BlackCountry "ENG"]
[WhiteElo "1343"]
[WhiteRD "70"]
[BlackElo "2443"]
[BlackRD "54"]
[GameID "390773"]

1. e4 c5 2. Bc4 e6 3. Nf3 Nc6 4. O-O a6 5. d3 b5 6. Bb3 Bb7 7. Bf4 h6 8. c4 g5 9. Be5 Nxe5 10. Nxe5 Bg7
11. d4 cxd4 12. Ng4 h5 13. Ne5 Bxe5 14. Qd3 g4 15. f3 Bxh2+ 16. Kxh2 Qh4+ 17. Kg1 g3
0-1

[Event "Slowly But Shirley"]
[Site "SchemingMind.com"]
[Date "2015.11.22"]
[Round "-"]
[White "frankly"]
[Black "Timaeus"]
[Result "1-0"]
[WhiteCountry "ENG"]
[BlackCountry "JPN"]
[WhiteElo "2443"]
[WhiteRD "54"]
[BlackElo "1343"]
[BlackRD "70"]
[GameID "390774"]

1. d4 d5 2. Nf3 f6 3. c4 e6 4. Nc3 Bb4 5. e3 Ne7 6. Bd3 dxc4 7. Bxc4 O-O 8. O-O b6 9. Qb3 Nbc6 10. Bxe6+ Bxe6
11. Qxe6+ Kh8 12. Ne2 Bd6 13. Bd2 Re8 14. Rac1 Ng6 15. Qc4 Qd7 16. Qxc6 Qg4 17. Rfe1 Nh4 18. Nxh4 Bxh2+ 19. Kxh2 Qxh4+ 20. Kg1 Rac8
21. Nf4 g5 22. Qxf6+ Kg8 23. Ne6 Rxe6 24. Qxe6+
1-0

[Event "Slowly But Shirley"]
[Site "SchemingMind.com"]
[Date "2015.11.26"]
[Round "-"]
[White "emvarela"]
[Black "Timaeus"]
[Result "1-0"]
[WhiteCountry "ARG"]
[BlackCountry "JPN"]
[WhiteElo "1695"]
[WhiteRD "48"]
[BlackElo "1431"]
[BlackRD "76"]
[GameID "390832"]

1. e4 c5 2. Nf3 e5 3. Bc4 d6 4. d3 Bg4 5. h3 Bxf3 6. Qxf3 f6 7. Bxg8 Rxg8 8. O-O Nc6 9. c3 Qe7 10. Nd2 O-O-O
11. Nb3 g6 12. Qg4+ Kb8 13. f4 Bh6 14. fxe5 Nxe5 15. Qe2 Bxc1 16. Raxc1 Rgf8 17. d4 cxd4 18. cxd4 Nc6 19. d5 Ne5 20. Rc3 Rc8
21. Rfc1 f5 22. Rxc8+ Rxc8 23. Rxc8+ Kxc8 24. Qc2+ Kb8 25. exf5 gxf5 26. Qxf5 b6 27. Nd4 Qb7 28. Qf8+ Qc8 29. Qxd6+ Qc7 30. Qxe5 Kb7
31. Qxc7+ Kxc7 32. b4
1-0

[Event "Slowly But Shirley"]
[Site "SchemingMind.com"]
[Date "2015.11.25"]
[Round "-"]
[White "Timaeus"]
[Black "emvarela"]
[Result "0-1"]
[WhiteCountry "JPN"]
[BlackCountry "ARG"]
[WhiteElo "1431"]
[WhiteRD "76"]
[BlackElo "1695"]
[BlackRD "48"]
[GameID "390833"]

1. e4 e5 2. Nf3 Nc6 3. Bb5 a6 4. Bxc6 dxc6 5. Nxe5 Qd4 6. Nxf7 Kxf7 7. d3 Nf6 8. O-O Bg4 9. Qd2 Bd6 10. Qe3 Qxe3
11. Bxe3 c5 12. Bg5 h6 13. Bxf6 Kxf6 14. h3 Be6 15. Nd2 Be5 16. f4 Bd4+ 17. Kh2 Bxb2 18. e5+ Kf7 19. Rab1 Bc3 20. Ne4 b6
21. Rbd1 Bd4 22. f5 Bxe5+ 23. Ng3 Bxg3+ 24. Kxg3 Bxa2 25. Rf2 Rhe8 26. Rdf1 Bd5 27. Kh2 Re3 28. f6 g6 29. g4 Rae8 30. h4 Re2
31. g5 hxg5 32. hxg5 Rh8+ 33. Kg1 Rh1#
0-1

[Event "Slowly But Shirley"]
[Site "SchemingMind.com"]
[Date "2015.11.27"]
[Round "-"]
[White "emvarela"]
[Black "buddhastalin"]
[Result "1-0"]
[WhiteCountry "ARG"]
[BlackCountry "USA"]
[WhiteElo "1684"]
[WhiteRD "47"]
[BlackElo "1646"]
[BlackRD "70"]
[GameID "390834"]

1. e4 c5 2. Nf3 e6 3. d4 cxd4 4. Nxd4 a6 5. Nc3 Qc7 6. Be2 Nc6 7. Nxc6 bxc6 8. a3 d5 9. exd5 cxd5 10. Qd4 Nf6
11. O-O Bc5 12. Qf4
1-0

[Event "Slowly But Shirley"]
[Site "SchemingMind.com"]
[Date "2015.11.25"]
[Round "-"]
[White "buddhastalin"]
[Black "emvarela"]
[Result "0-1"]
[WhiteCountry "USA"]
[BlackCountry "ARG"]
[WhiteElo "1646"]
[WhiteRD "70"]
[BlackElo "1684"]
[BlackRD "47"]
[GameID "390835"]

1. e4 e5 2. Nf3 Nc6 3. d4 exd4 4. Nxd4 Bc5 5. Nxc6 bxc6 6. Nc3 d6 7. Bc4 Qf6 8. O-O Be6 9. Bd3 Ne7 10. Na4 Bb6
11. Nxb6 cxb6
0-1

[Event "Slowly But Shirley"]
[Site "SchemingMind.com"]
[Date "2015.11.25"]
[Round "-"]
[White "emvarela"]
[Black "frankly"]
[Result "0-1"]
[WhiteCountry "ARG"]
[BlackCountry "ENG"]
[WhiteElo "1684"]
[WhiteRD "47"]
[BlackElo "2439"]
[BlackRD "55"]
[GameID "390836"]

1. e4 c5 2. Nf3 Nc6 3. d4 cxd4 4. Nxd4 Nf6 5. Nxc6 bxc6 6. Nc3 e5 7. Bd3 Bb4 8. Bd2 O-O 9. a3 Ba5 10. O-O d5
11. b4 Bc7 12. exd5 cxd5 13. Bg5 Bb7 14. Bxf6 Qxf6 15. Ne2 e4 16. Bb5 Qe5 17. g3 d4 18. Bc4 Rad8 19. Nf4 Qf6 20. Qd2 e3
21. Qe2 Bxf4 22. gxf4 Qg6+
0-1

[Event "Slowly But Shirley"]
[Site "SchemingMind.com"]
[Date "2015.11.25"]
[Round "-"]
[White "frankly"]
[Black "emvarela"]
[Result "1-0"]
[WhiteCountry "ENG"]
[BlackCountry "ARG"]
[WhiteElo "2439"]
[WhiteRD "55"]
[BlackElo "1684"]
[BlackRD "47"]
[GameID "390837"]

1. d4 Nf6 2. Nf3 d5 3. c4 dxc4 4. e3 Bg4 5. Bxc4 e6 6. Nc3 Bb4 7. O-O Bxc3 8. bxc3 Nbd7 9. h3 Bxf3 10. Qxf3 c6
11. Rb1 Nb6 12. Bb3 Qc7 13. e4 h6 14. a4 a5 15. Rd1 O-O-O 16. Bf4 Qe7 17. c4 g5 18. Bh2 h5 19. Qc3 Qb4 20. Qg3
1-0

[Event "Slowly But Shirley"]
[Site "SchemingMind.com"]
[Date "2015.11.25"]
[Round "-"]
[White "renegade"]
[Black "emvarela"]
[Result "1-0"]
[WhiteCountry "ENG"]
[BlackCountry "ARG"]
[WhiteElo "1903"]
[WhiteRD "99"]
[BlackElo "1652"]
[BlackRD "47"]
[GameID "390873"]

1. e4 e5 2. Nf3 Nc6 3. c3 Nf6 4. d4 exd4 5. e5 Qe7 6. cxd4 h6 7. Nc3 Nb4 8. a3 Nbd5 9. Be2 Nxc3 10. bxc3 Nd5
11. Qb3 c6 12. O-O d6 13. c4 Nc7 14. exd6 Qxd6 15. Re1 Be7 16. c5 Qf6 17. Bb2 Nd5 18. Bc4 O-O 19. Bxd5 cxd5 20. Qxd5 Be6
21. Qxb7 Rfb8 22. Qe4 Bxc5 23. dxc5 Rxb2 24. Qxa8+
1-0

[Event "Slowly But Shirley"]
[Site "SchemingMind.com"]
[Date "2015.11.28"]
[Round "-"]
[White "emvarela"]
[Black "renegade"]
[Result "1-0"]
[WhiteCountry "ARG"]
[BlackCountry "ENG"]
[WhiteElo "1710"]
[WhiteRD "54"]
[BlackElo "1847"]
[BlackRD "120"]
[GameID "390874"]

1. e4 e5 2. Nf3 Nc6 3. Bb5 d6 4. d4 exd4 5. Qxd4 Bd7 6. Bxc6 Bxc6 7. Nc3 Qf6 8. O-O Be7 9. Be3 Qxd4 10. Nxd4 Bd7
11. Nd5 O-O-O 12. Nxe7+ Nxe7 13. c4 f5 14. exf5 Nxf5 15. Nxf5 Bxf5 16. Bg5= Rde8 17. Rfe1 Bd3 18. b3 Be2 19. Be3 Bh5 20. Bd4 Rhg8
21. f3 g5 22. g4 Bg6 23. Kg2 c5 24. Bf2 Bd3 25. Red1 Be2 26. Rxd6 Rgf8 27. Bxc5 Bxf3+ 28. Kg3 Be4 29. h3 Kc7 30. Rad1 Bc6
31. Rxc6+ Kxc6 32. b4 Rf4 33. Rd6+ Kc7 34. Rd5 h6 35. Bd6+ Kc6 36. Bxf4 gxf4+ 37. Kxf4 Re2 38. b5+ Kc7 39. a3 Rc2 40. c5 Rc3
41. Rh5 Rxa3 42. Rxh6 Ra1 43. h4 a5 44. Rh7+ Kc8 45. b6 Rc1 46. Rc7+ Kb8 47. h5 a4 48. h6 a3 49. h7 Rf1+ 50. Kg5 Rf8
51. Rf7 Rc8 52. Kg6 a2 53. Rf1
1-0

[Event "Slowly But Shirley"]
[Site "SchemingMind.com"]
[Date "2015.11.24"]
[Round "-"]
[White "renegade"]
[Black "Timaeus"]
[Result "1-0"]
[WhiteCountry "ENG"]
[BlackCountry "JPN"]
[WhiteElo "1891"]
[WhiteRD "91"]
[BlackElo "1377"]
[BlackRD "70"]
[GameID "390875"]

1. e4 c5 2. Nf3 d6 3. c3 Nf6 4. Bd3 Bg4 5. Bc2 Bxf3 6. Qxf3 e5 7. O-O g6 8. Ba4+ Nc6 9. d3 Bg7 10. Bg5 O-O
11. Nd2 b5 12. Bxb5 Qd7 13. Bxc6 Qxc6 14. Bxf6 Bxf6 15. Qxf6 Rae8 16. Nc4 Re6 17. Qg5 f6 18. Qh6 d5 19. exd5 Qxd5 20. Qh3 Rfe8
21. b3 e4 22. dxe4 Rxe4 23. Qf3 Qe6 24. Ne3 f5 25. Rad1 f4 26. Nd5 Re5 27. Nc7
1-0

[Event "Slowly But Shirley"]
[Site "SchemingMind.com"]
[Date "2015.11.28"]
[Round "-"]
[White "Timaeus"]
[Black "renegade"]
[Result "0-1"]
[WhiteCountry "JPN"]
[BlackCountry "ENG"]
[WhiteElo "1377"]
[WhiteRD "70"]
[BlackElo "1891"]
[BlackRD "91"]
[GameID "390876"]

1. e4 e5 2. Bc4 Nf6 3. Nf3 Nc6 4. d3 h6 5. O-O Bc5 6. Nh4 Nxe4 7. Qf3 Nd6 8. Nf5 Nxc4 9. Nxg7+ Kf8 10. Nf5 Nd6
11. Bxh6+ Rxh6 12. Nxh6 Qg5 13. Ng4 Nd4 14. Qh3 Nxc2 15. Nd2 Nxa1 16. Qh8+ Ke7 17. h3 f6 18. Rxa1 Nf7 19. Qh7 Qxd2 20. Qg6 Qg5
21. Qxg5 Nxg5 22. Re1 d6 23. h4 Bxg4
0-1

[Event "Slowly But Shirley"]
[Site "SchemingMind.com"]
[Date "2015.11.24"]
[Round "-"]
[White "renegade"]
[Black "buddhastalin"]
[Result "1-0"]
[WhiteCountry "ENG"]
[BlackCountry "USA"]
[WhiteElo "1891"]
[WhiteRD "91"]
[BlackElo "1591"]
[BlackRD "74"]
[GameID "390877"]

1. e4 c5 2. Nf3 e6 3. Nc3 a6 4. d3 Qc7 5. g3 Nc6 6. Bg2 g6 7. Bf4 d6 8. Qd2 Bg7 9. O-O Nge7 10. Rfe1 O-O
11. Re2 e5 12. Bh6 Bg4 13. Nd5 Nxd5 14. exd5 Ne7 15. c4
1-0

[Event "Slowly But Shirley"]
[Site "SchemingMind.com"]
[Date "2015.11.28"]
[Round "-"]
[White "buddhastalin"]
[Black "renegade"]
[Result "0-1"]
[WhiteCountry "USA"]
[BlackCountry "ENG"]
[WhiteElo "1646"]
[WhiteRD "70"]
[BlackElo "1869"]
[BlackRD "90"]
[GameID "390878"]

1. e4 e5 2. Nf3 d6 3. d4 exd4 4. Nxd4 Nf6 5. Nc3 g6 6. f3 Bg7 7. Be3 c5 8. Ndb5 O-O 9. Nxd6 b6 10. Nxc8 Qxc8
11. Bc4 Rd8 12. Qe2 Nc6 13. O-O Ne5 14. Ba6 Qe6
0-1

[Event "Slowly But Shirley"]
[Site "SchemingMind.com"]
[Date "2015.11.24"]
[Round "-"]
[White "renegade"]
[Black "frankly"]
[Result "0-1"]
[WhiteCountry "ENG"]
[BlackCountry "ENG"]
[WhiteElo "1854"]
[WhiteRD "87"]
[BlackElo "2449"]
[BlackRD "55"]
[GameID "390879"]

1. e4 c5 2. Nf3 Nc6 3. c3 Nf6 4. Bc4 Nxe4 5. d3 Nf6 6. O-O e6 7. Bf4 a6 8. a3 d5 9. Bb3 Bd6 10. Qd2 O-O
11. Re1 Re8 12. d4 Ne4 13. Qe3 Bxf4 14. Qxf4 cxd4 15. cxd4 Qb6 16. Rxe4 dxe4 17. Ng5 f6 18. Nxe6 Qxb3 19. Nc3 Bxe6 20. Qxe4 Qxb2
21. Qe1 Nxd4 22. Rb1 Ba2 23. Qc1 Bxb1
0-1

[Event "Slowly But Shirley"]
[Site "SchemingMind.com"]
[Date "2015.11.28"]
[Round "-"]
[White "frankly"]
[Black "renegade"]
[Result "1-0"]
[WhiteCountry "ENG"]
[BlackCountry "ENG"]
[WhiteElo "2449"]
[WhiteRD "55"]
[BlackElo "1854"]
[BlackRD "87"]
[GameID "390880"]

1. d4 d5 2. Nf3 c5 3. c4 dxc4 4. d5 Nf6 5. Nc3 e6 6. e4 exd5 7. exd5 a6 8. Bxc4 b5 9. O-O bxc4 10. Re1+ Be7
11. Bf4 O-O 12. d6 Bxd6 13. Bxd6 Re8 14. Rxe8+ Qxe8 15. Nd5 Nxd5 16. Qxd5 Nc6 17. Qxc4 Be6 18. Qxc5 Rd8 19. h3 Qd7 20. Bf4 f6
21. Rc1 Nd4 22. Nxd4 Qxd4 23. Qe7 Bxa2 24. Rc7 f5 25. Be5
1-0

[Event "Slowly But Shirley"]
[Site "SchemingMind.com"]
[Date "2015.11.24"]
[Round "-"]
[White "Majoanis"]
[Black "frankly"]
[Result "0-1"]
[WhiteCountry "CAN"]
[BlackCountry "ENG"]
[WhiteElo "1361"]
[WhiteRD "93"]
[BlackElo "2449"]
[BlackRD "55"]
[GameID "390896"]

1. e4 c5 2. Nf3 Nc6 3. d4 cxd4 4. Nxd4 Nf6 5. Nc3 e5 6. Ndb5 d6 7. Bg5 a6 8. Na3 b5 9. Nd5 Be7 10. Bxf6 Bxf6
11. c3 O-O 12. Nc2 Bg5 13. h4 Bh6 14. Nce3 Ne7
0-1

[Event "Slowly But Shirley"]
[Site "SchemingMind.com"]
[Date "2015.11.24"]
[Round "-"]
[White "frankly"]
[Black "Majoanis"]
[Result "1-0"]
[WhiteCountry "ENG"]
[BlackCountry "CAN"]
[WhiteElo "2449"]
[WhiteRD "55"]
[BlackElo "1361"]
[BlackRD "93"]
[GameID "390897"]

1. d4 Nf6 2. Nf3 d5 3. c4 e6 4. Nc3 Bb4 5. Bg5 h6 6. Bxf6 Qxf6 7. e3 O-O 8. Qb3 Nc6 9. cxd5 exd5 10. Qxd5 Be6
11. Qh5 Rad8 12. Be2
1-0

[Event "Slowly But Shirley"]
[Site "SchemingMind.com"]
[Date "2015.11.30"]
[Round "-"]
[White "renegade"]
[Black "fouche"]
[Result "1-0"]
[WhiteCountry "ENG"]
[BlackCountry "COL"]
[WhiteElo "1854"]
[WhiteRD "87"]
[BlackElo "1608"]
[BlackRD "64"]
[GameID "390915"]

1. d4 Nf6 2. Nc3 d6 3. Nf3 g6 4. Bg5 Bg7 5. e3 O-O 6. Bc4 a6 7. a4 Bg4 8. O-O Nbd7 9. h3 Bxf3 10. Qxf3 c6
11. b4 b5 12. axb5 axb5 13. Bb3 Qc7 14. Nxb5 cxb5 15. Rxa8
1-0

[Event "Slowly But Shirley"]
[Site "SchemingMind.com"]
[Date "2015.11.30"]
[Round "-"]
[White "fouche"]
[Black "renegade"]
[Result "0-1"]
[WhiteCountry "COL"]
[BlackCountry "ENG"]
[WhiteElo "1608"]
[WhiteRD "65"]
[BlackElo "1891"]
[BlackRD "91"]
[GameID "390916"]

1. d4 d5 2. Nf3 Bf5 3. e3 c5 4. c3 c4 5. Be2 Nc6 6. O-O Nf6 7. Nbd2 e6 8. Ne5 Bd6 9. Ndf3 Ne4 10. Nxc6 bxc6
11. Ne5 c5 12. f3 Nf6 13. b3 cxb3 14. axb3 O-O 15. Bd3 Bxd3 16. Qxd3 cxd4 17. exd4 Qc7 18. Bf4 Nh5 19. Bg3 Nxg3 20. hxg3 Bxe5
21. dxe5 Qxe5 22. Rfe1 Qxg3 23. c4 Rfd8 24. c5 h5 25. Qe3 h4 26. Qf2 Qxf2+ 27. Kxf2 Rd7 28. Ra4 Rb8 29. Rb1 g5 30. b4 Rc7
31. Ra5 Kf8 32. Ke3 e5 33. Kd3 Ke7 34. Kc3 f5 35. Kb3 e4 36. Ka4 exf3 37. Rb5 Rxb5 38. Kxb5 fxg2 39. Rg1 h3
0-1

[Event "Slowly But Shirley"]
[Site "SchemingMind.com"]
[Date "2015.11.25"]
[Round "-"]
[White "fouche"]
[Black "Majoanis"]
[Result "1-0"]
[WhiteCountry "COL"]
[BlackCountry "CAN"]
[WhiteElo "1608"]
[WhiteRD "64"]
[BlackElo "1361"]
[BlackRD "93"]
[GameID "390917"]

1. e4 c5 2. Nf3 d6 3. d4 cxd4 4. Nxd4 Nf6 5. Nc3 e6 6. Bg5 Be7 7. Bd3 Nc6 8. Nxc6 bxc6 9. O-O O-O 10. Rb1 h6
11. Bh4 Nd7 12. Bxe7
1-0

[Event "Slowly But Shirley"]
[Site "SchemingMind.com"]
[Date "2015.11.25"]
[Round "-"]
[White "Majoanis"]
[Black "fouche"]
[Result "0-1"]
[WhiteCountry "CAN"]
[BlackCountry "COL"]
[WhiteElo "1361"]
[WhiteRD "93"]
[BlackElo "1608"]
[BlackRD "64"]
[GameID "390918"]

1. e4 e6 2. d4 d5 3. Nc3 dxe4 4. Nxe4 Nf6 5. Nxf6+ Qxf6 6. Nf3 Bd6 7. Bd3 Qd8 8. O-O Nd7 9. Re1 Nf6 10. Bg5 O-O
0-1

[Event "Slowly But Shirley"]
[Site "SchemingMind.com"]
[Date "2015.11.25"]
[Round "-"]
[White "fouche"]
[Black "emvarela"]
[Result "0-1"]
[WhiteCountry "COL"]
[BlackCountry "ARG"]
[WhiteElo "1608"]
[WhiteRD "65"]
[BlackElo "1658"]
[BlackRD "48"]
[GameID "390919"]

1. e4 e5 2. f4 exf4 3. Bc4 Qh4+ 4. Kf1 Nc6 5. Nf3 Qf6 6. d4 d6 7. Nc3 Bg4 8. e5 dxe5 9. dxe5 Nxe5 10. Be2 Rd8
11. Qe1 Bxf3 12. Bxf3 Be7 13. Bxb7 Nc4 14. Nb5 Qb6 15. Bxf4 Qxb5 16. Kg1 Qxb7 17. b3 Qb6+ 18. Kf1 Nd6 19. h4 Nf5 20. Rh3 Nf6
21. h5 Nd5 22. Bg5 f6 23. Bh4 Nde3+ 24. Rxe3 Nxe3+ 25. Ke2 Nxc2
0-1

[Event "Slowly But Shirley"]
[Site "SchemingMind.com"]
[Date "2015.11.25"]
[Round "-"]
[White "emvarela"]
[Black "fouche"]
[Result "1-0"]
[WhiteCountry "ARG"]
[BlackCountry "COL"]
[WhiteElo "1652"]
[WhiteRD "47"]
[BlackElo "1586"]
[BlackRD "62"]
[GameID "390920"]

1. e4 c5 2. Nf3 Nc6 3. d4 cxd4 4. Nxd4 Nf6 5. Nxc6 bxc6 6. Nc3 g6 7. Bd3 Bg7 8. Be3 a5 9. a4 O-O 10. O-O Ba6
11. Bxa6 Rxa6 12. Qd3 Ra8 13. Rad1 d5 14. exd5 cxd5 15. Nxd5 Nxd5 16. Qxd5 Bxb2 17. Qxd8 Rfxd8 18. Bb6 Rxd1 19. Rxd1 Bc3 20. Rd8+ Rxd8
21. Bxd8 Kf8 22. Bb6 Ke8 23. f3 Kd7 24. Kf2 Kd6 25. Ke3 Kd5 26. Kd3 Bb4 27. c3 Kc6 28. cxb4 Kxb6 29. b5 e6 30. Kd4 f6
31. f4 h5 32. h3 h4 33. Ke4 Kc5 34. Kf3 g5 35. fxg5 fxg5 36. Ke4
1-0

[Event "Slowly But Shirley"]
[Site "SchemingMind.com"]
[Date "2015.11.26"]
[Round "-"]
[White "fouche"]
[Black "Timaeus"]
[Result "0-1"]
[WhiteCountry "COL"]
[BlackCountry "JPN"]
[WhiteElo "1608"]
[WhiteRD "65"]
[BlackElo "1377"]
[BlackRD "70"]
[GameID "390921"]

1. e4 c5 2. Nf3 d6 3. c3 a6 4. d4 Bg4 5. Be2 e6 6. O-O Nf6 7. Nbd2 Be7 8. h3 Bxf3 9. Nxf3 Nxe4 10. Bd3 d5
11. Re1 Bh4 12. Nxh4 Qxh4 13. Bxe4 dxe4 14. Qg4 Qf6 15. Qxe4 c4 16. Bf4 O-O 17. Re3 Nc6 18. Be5 Nxe5 19. dxe5 Qd8 20. Qxc4 Rc8
21. Qe2 Rc5 22. Rd1 Rd5 23. Rxd5 exd5 24. e6 fxe6 25. Rxe6 d4 26. cxd4 h6 27. Qe3 Kh7 28. Qe4+ Kg8 29. Qxb7 Qxd4 30. Rxa6 Qxf2+
31. Kh1 Qf1+ 32. Kh2 Qf4+ 33. Kg1 Qf1+ 34. Kh2= Qf4+ 35. Kg1= Kh7 36. Qf3 Qc1+
0-1

[Event "Slowly But Shirley"]
[Site "SchemingMind.com"]
[Date "2015.11.26"]
[Round "-"]
[White "Timaeus"]
[Black "fouche"]
[Result "0-1"]
[WhiteCountry "JPN"]
[BlackCountry "COL"]
[WhiteElo "1339"]
[WhiteRD "70"]
[BlackElo "1639"]
[BlackRD "64"]
[GameID "390922"]

1. e4 e5 2. Nf3 Nf6 3. Nc3 Nc6 4. a3 Be7 5. Bc4 O-O 6. O-O d6 7. d3 Bg4 8. h3 Bh5 9. g4 Bg6 10. Ng5 Nd4
11. Be3 a6 12. Nd5 Nxd5 13. Bxd5 c6 14. Bb3 Nxb3 15. cxb3 Bxg5 16. Qd2 Bxe3 17. Qxe3 Re8 18. Rac1 d5 19. Rfd1 dxe4 20. dxe4 Qc7
21. Rd2 Rad8 22. Rcd1 Rxd2 23. Rxd2 Rd8 24. Re2 h6 25. f3 Rd1+ 26. Kf2 Qd6 27. Kg3 Qd4 28. Qxd4 exd4
0-1

[Event "Slowly But Shirley"]
[Site "SchemingMind.com"]
[Date "2015.11.27"]
[Round "-"]
[White "fouche"]
[Black "buddhastalin"]
[Result "1-0"]
[WhiteCountry "COL"]
[BlackCountry "USA"]
[WhiteElo "1639"]
[WhiteRD "64"]
[BlackElo "1646"]
[BlackRD "70"]
[GameID "390923"]

1. c4 Nf6 2. Nc3 c5 3. Nf3 g6 4. g3 Bg7 5. Bg2 O-O 6. O-O Nc6 7. a3 d6 8. d3 a6 9. e3 Qc7 10. d4 cxd4
11. exd4 Bd7 12. Bf4 Nh5 13. Be3 Rac8 14. Rc1 Nf6 15. Nd5 Qd8 16. b4 e6 17. Nxf6+ Qxf6 18. d5 exd5 19. cxd5 Ne5 20. Nxe5 dxe5
21. Bc5 Rfe8 22. d6 e4 23. a4 b6 24. Bxb6
1-0

[Event "Slowly But Shirley"]
[Site "SchemingMind.com"]
[Date "2015.11.25"]
[Round "-"]
[White "buddhastalin"]
[Black "fouche"]
[Result "0-1"]
[WhiteCountry "USA"]
[BlackCountry "COL"]
[WhiteElo "1646"]
[WhiteRD "70"]
[BlackElo "1639"]
[BlackRD "64"]
[GameID "390924"]

1. e4 e6 2. d4 d5 3. e5 c5 4. c3 Nc6 5. Nf3 cxd4 6. cxd4 Bb4+ 7. Nc3 Qb6 8. Bd3 Nge7 9. a3 Bxc3+ 10. bxc3 Bd7
11. O-O Ng6 12. Ng5 O-O 13. f4 Rac8 14. Qh5 h6 15. Nf3 Nce7 16. Bd2 Bb5 17. Bxb5 Qxb5 18. Rab1 Qd3 19. Rxb7 Qe4 20. Rfb1 Nc6
21. Re1 Rb8 22. Rxe4 dxe4 23. Rxb8 Rxb8
0-1

[Event "Slowly But Shirley"]
[Site "SchemingMind.com"]
[Date "2015.11.25"]
[Round "-"]
[White "fouche"]
[Black "frankly"]
[Result "0-1"]
[WhiteCountry "COL"]
[BlackCountry "ENG"]
[WhiteElo "1585"]
[WhiteRD "66"]
[BlackElo "2443"]
[BlackRD "54"]
[GameID "390925"]

1. c4 e5 2. Nc3 Nf6 3. d3 Nc6 4. Nf3 d5 5. cxd5 Nxd5 6. Bd2 h6 7. g3 Nf6 8. Bg2 Bc5 9. O-O O-O 10. a3 Re8
11. b4 Bf8 12. Rc1 a5 13. Qb3 axb4 14. axb4 Nxb4 15. Ne4 Nxe4 16. dxe4 c5 17. Rfd1 Qa5 18. Ra1 Qxa1 19. Rxa1 Rxa1+ 20. Bf1 Bh3
21. Ne1 Rd8 22. Bxb4 Be6 23. Qb2 Ra2 24. Qb1 cxb4 25. Nd3 b3 26. Nb4 Bxb4 27. e3 Bc3 28. Kg2 Ra1
0-1

[Event "Slowly But Shirley"]
[Site "SchemingMind.com"]
[Date "2015.11.25"]
[Round "-"]
[White "frankly"]
[Black "fouche"]
[Result "1-0"]
[WhiteCountry "ENG"]
[BlackCountry "COL"]
[WhiteElo "2473"]
[WhiteRD "55"]
[BlackElo "1595"]
[BlackRD "71"]
[GameID "390926"]

1. d4 e6 2. Nf3 f5 3. g3 Be7 4. Bg2 Nf6 5. O-O O-O 6. c4 Nc6 7. d5 Nb8 8. Nc3 c6 9. d6 Bxd6 10. Qxd6 Na6
11. Rd1 Nc7 12. Bf4 Nce8 13. Qxe6+ dxe6 14. Rxd8 Nc7 15. Rxf8+ Kxf8 16. Bxc7
1-0